000 00364nam a2200145 i 4500
001 bg
100 1 _aMILLER, A.
245 0 _aPraca turbin parowych w zmienionych warunkach /
_cA. Miller, J. Lewandowski.
260 _aWarszawa,
_c1992.
700 1 _aLEWANDOWSKI, J.
040 _cBPK
041 _apol
942 _cKS
008 s pl f |000 0 pol
999 _c5396
_d5396
856 _uhttp://koha.tu.koszalin.pl/cgi-bin/koha/opac-detail.pl?biblionumber=5396
_yKatalog online BPK